000 05465nam a22002777a 4500
003 NALT
005 20251210103519.0
008 251107b th ||||| |||| 00| 0 tha d
040 _aNALT
086 _aสว 18 7.3 607 2566
110 2 _aสำนักงานเลขาธิการวุฒิสภา.
_bสำนักกรรมาธิการ 3
_91863
245 1 0 _aรายงานการพิจารณาศึกษา เรื่อง ข้อเสนอเชิงนโยบายการนำเทคโนโลยีดิจิทัลมาใช้ประโยชน์ เพื่อการศึกษานอกระบบและการศึกษาตามอัธยาศัย ของคณะกรรมาธิการการศึกษา วุฒิสภา /
_cสำนักกรรมาธิการ 3 สำนักงานเลขาธิการวุฒิสภา.
260 _aกรุงเทพ :
_bสำนักกรรมาธิการ 3 สำนักงานเลขาธิการวุฒิสภา,
_c2566.
300 _a55 หน้า :
_bภาพประกอบ, ตาราง ;
_c29 ซม.
505 2 _aบทที่ 1 บทนำ -- 1.1 ความเป็นมาและสภาพปัญหา -- 1.2 วัตถุประสงค์ -- 1.3 ขอบเขตของการพิจารณาศึกษา -- 1.4 วิธีการดำเนินการศึกษา -- 1.5 ประโยชน์ที่คาดว่าจะได้รับ -- บทที่ 2 กฎหมาย นโยบาย หลักการ แนวคิดและข้อมูลที่เกี่ยวข้อง -- 2.1 รัฐธรรมนูญแห่งราชอาณาจักรไทย พุทธศักราช 2560 -- 2.2 ยุทธศาสตร์ชาติ 20 ปี (พ.ศ. 2561 - 2580) -- 2.3 แผนการปฏิรูปประเทศด้านการศึกษา (พ.ศ. 2561 - 2565) ฉบับปรับปรุง -- 2.4 กฎหมายที่เกี่ยวข้องกับการศึกษานอกระบบและการศึกษาตามอัธยาศัย -- 2.5 นโยบายกระทรวงศึกษาธิการ ประจำปีงบประมาณ 2566 -- 2.6 ยุทธศาสตร์สำนักงานส่งเสริมการศึกษานอกระบบและการศึกษาตามอัธยาศัย — 2.7 แนวคิดการศึกษายุคดิจิทัล -- 2.8 งานวิจัยที่เกี่ยวข้อง -- บทที่ 3 สถานการณ์ และปัญหาการนำเทคโนโลยีดิจิทัลมาใช้ประโยชน์เพื่อการศึกษานอกระบบและ การศึกษาตามอัธยาศัย -- 3.1 ศูนย์เทคโนโลยีทางการศึกษา สถานีวิทยุโทรทัศน์เพื่อการศึกษา กระทรวงศึกษาธิการ ETV (Educational Television, Ministry of Education) -- 3.2 สำนักงานส่งเสริมการศึกษานอกระบบและการศึกษาตามอัธยาศัยจังหวัดนครราชสีมา -- 3.3 สำนักงานส่งเสริมการศึกษานอกระบบและการศึกษาตามอัธยาศัยจังหวัดราชบุรี -- 3.4 สำนักงานส่งเสริมการศึกษานอกระบบและการศึกษาตามอัธยาศัยจังหวัดปราจีนบุรี -- 3.5 สำนักงานส่งเสริมการศึกษานอกระบบและการศึกษาตามอัธยาศัยจังหวัดสุราษฎร์ธานี -- บทที่ 4 สรุปผลการพิจารณาและข้อเสนอแนะ -- 4.1 สรุปผลการพิจารณา -- 4.2 ข้อเสนอแนะเชิงนโยบายเกี่ยวกับการนำเทคโนโลยีดิจิทัลมาใช้ประโยชน์.
610 2 4 _aคณะกรรมาธิการการศึกษา วุฒิสภา
_xรายงาน
_947149
650 4 _aการศึกษากับเทคโนโลยี
_943936
650 4 _aเทคโนโลยี
_xการศึกษาและการสอน
_967117
650 4 _aเทคโนโลยี
_xแง่การศึกษา
_967118
710 2 _aคณะกรรมาธิการการศึกษา วุฒิสภา.
_947148
856 4 0 _uhttps://prt.parliament.go.th/items/77ba645d-2c84-441d-9e30-47e7a2ec53ad
942 _cPAR
_2local
996 _akanyakorn.i
_bLIBSTF
_c2025-11-07
996 _ajamriang.p
_bCATSTF
_c2025-12-10
999 _c107453
_d107453
998 _j1020
_k นางจำเรียง ระวังสำโรง